00321 2200133 4500001002100000005001500021035002000036245005800056300000800114260003300122082000800155084001200163990001200175INLIS00000000000261020250605023408 a0010-0625000196 aPengantar Bisnis Biro Perjalanan Wisata /cM.A. Desky a105 aYogyakarta :bAdicita,c2002 a600 a600 PEN a0320339